Entry Nombre personal
001 - NÚMERO DE CONTROL
- campo de control: 926
003 - IDENTIFICADOR DE NÚMERO DE CONTROL
- campo de control: DLC
005 - FECHA Y HORA DE LA ÚLTIMA TRANSACCIÓN
- campo de control: 20260319145214.0
008 - ELEMENTOS DE DATO DE LONGITUD-FIJA
- campo de control de longitud fija: 811214n| azannaabn |a aaa
010 ## - NÚMERO DE CONTROL DE LA BIBLIOTECA DEL CONGRESO
- Número de control de LC: n 81143089
035 ## - NÚMERO DE CONTROL DEL SISTEMA
- Número de control de sistema: (OCoLC)oca00687880
040 ## - FUENTE DE CATALOGACIÓN
- Centro catalogador/agencia de origen: DLC
- Lengua de catalogación: eng
- Normas de descripción: rda
- Centro/agencia transcriptor: DLC
- Centro/agencia modificador: DLC
- Centro/agencia modificador: OCoLC
- Centro/agencia modificador: DLC
046 ## - FECHAS CON CODIFICACIÓN ESPECIAL
- Fecha de nacimiento: 1944-11-25
- Fuente del esquema de fecha: edtf
100 1# - ENCABEZAMIENTO-NOMBRE DE PERSONA
- Nombre de persona: Stuart, Nancy Rubin,
- Fechas asociadas al nombre: 1944-
370 ## - LUGAR ASOCIADO
- Lugar de nacimiento: Boston (Mass.)
- País asociado: United States
372 ## - CAMPO DE ACTIVIDAD
- Campo de actividad: Literature
- Fuente del término: lcsh
372 ## - CAMPO DE ACTIVIDAD
- Campo de actividad: Journalism
- Fuente del término: lcsh
374 ## - OCUPACIÓN
- Ocupación: Authors
- Fuente del término: lcsh
374 ## - OCUPACIÓN
- Ocupación: Journalists
- Fuente del término: lcsh
375 ## - GÉNERO/SEXO
- Género: Females
- Fuente del término: lcdgt
377 ## - IDIOMA ASOCIADO
- Código del idioma: eng
400 1# - TRAZADO DE VÉASE--NOMBRE DE PERSONA
- Subcampo de control: nne
- Nombre de persona: Rubin Stuart, Nancy,
- Fechas asociadas al nombre: 1944-
400 1# - TRAZADO DE VÉASE--NOMBRE DE PERSONA
- Subcampo de control: nne
- Nombre de persona: Rubin, Nancy,
- Fechas asociadas al nombre: 1944-
400 1# - TRAZADO DE VÉASE--NOMBRE DE PERSONA
- Nombre de persona: Rubin, Nancy Z.,
- Fechas asociadas al nombre: 1944-
400 1# - TRAZADO DE VÉASE--NOMBRE DE PERSONA
- Nombre de persona: Stetson, Nancy Zimman,
- Fechas asociadas al nombre: 1944-
670 ## - FUENTE DE DATOS ENCONTRADOS
- Cita de la fuente: Her The new suburban woman, c1982:
- Información encontrada: CIP t.p. (Nancy Rubin) CIP data sheet (Nancy Z. Rubin)
670 ## - FUENTE DE DATOS ENCONTRADOS
- Cita de la fuente: Her American empress, c1995:
- Información encontrada: CIP t.p. (Nancy Rubin) data sheet (b. 11/25/1944)
670 ## - FUENTE DE DATOS ENCONTRADOS
- Cita de la fuente: The reluctant spiritualist, 2005:
- Información encontrada: ECIP t.p. (Nancy Rubin Stuart)
670 ## - FUENTE DE DATOS ENCONTRADOS
- Cita de la fuente: Email from Brown Univ. Lib., rec'd. Apr. 19, 2005
- Información encontrada: (correspondence between the author and Brown University Library [repository of her papers], Jan.-Mar. 2002: author's new pen name is Nancy Rubin Stuart, to be entered as Rubin Stuart, Nancy; she previously wrote under the name Nancy Rubin; her legal name as of Apr. 2001 is Nancy Zimman Stetson)
670 ## - FUENTE DE DATOS ENCONTRADOS
- Cita de la fuente: Email from publisher and author, November 15, 2013
- Información encontrada: (author prefers: Stuart, Nancy Rubin)
670 ## - FUENTE DE DATOS ENCONTRADOS
- Cita de la fuente: Author's website, viewed November 19, 2013
- Información encontrada: (Nancy Rubin Stuart, born in Boston; author and journalist; works focus on women, biographies and social history)